[Event "LSS RE-2010-0-00041"]
[Site "LSS email"]
[Date "2010.07.30"]
[Round "?"]
[White "Vasquez, Gerardo"]
[Black "Schellen, Anton"]
[Result "1/2-1/2"]
[WhiteElo "1323"]
[BlackElo "1351"]
[PlyCount "46"]
[EventDate "2010.03.10"]
[EventType "tourn (corr)"]
[EventRounds "6"]
[EventCountry "GER"]
[SourceTitle "Telechess CBM 141"]
[Source "ChessBase"]
[SourceDate "2011.03.17"]
[SourceVersion "1"]
[SourceVersionDate "2011.03.17"]
[SourceQuality "1"]

1. e4 e6 2. d4 d5 3. exd5 exd5 4. Bb5+ c6 5. Bd3 Bd6 6. Nf3 Ne7 7. 0-0 0-0 8. b3 Ng6 9. c4 Na6 10. Nc3 Bb4 11. Bb2 dxc4 12. Bxc4 Re8 13. Re1 Rxe1+ 14. Qxe1 Nc7 15. a3 Bxc3 16. Qxc3 Nd5 17. Qc2 Ngf4 18. Re1 g6 19. Bc1 Bf5 20. Qd2 b5 21. Bf1 f6 22. Nh4 Bd7 23. g3 Nh3+ 1/2-1/2

[Event "LSS SE-2010-0-00051"]
[Site "LSS email"]
[Date "2010.07.22"]
[Round "?"]
[White "Schellen, Anton"]
[Black "Van Dosselaer, Mattias"]
[Result "1-0"]
[WhiteElo "1418"]
[BlackElo "1288"]
[PlyCount "43"]
[EventDate "2010.05.20"]
[EventType "tourn (corr)"]
[EventRounds "6"]
[EventCountry "GER"]
[SourceTitle "Telechess CBM 141"]
[Source "ChessBase"]
[SourceDate "2011.03.17"]
[SourceVersion "1"]
[SourceVersionDate "2011.03.17"]
[SourceQuality "1"]

1. b4 d6 2. Bb2 Nf6 3. e3 Nbd7 4. c4 e5 5. Nc3 Be7 6. Nf3 h6 7. d4 c6 8. Be2 g5 9. h3 Nf8 10. dxe5 dxe5 11. Qxd8+ Bxd8 12. Nxe5 Bc7 13. Ng4 Nxg4 14. hxg4 f5 15. Nd5 Bd6 16. Bxh8 fxg4 17. Rxh6 Kd7 18. Bxg4+ Kd8 19. Rxd6+ Ke8 20. Bh5+ Ng6 21. Bxg6+ Kf8 22. Rd8# 1-0

[Event "OP-2010-0-01205"]
[Site "LSS email"]
[Date "2010.07.13"]
[Round "?"]
[White "Schellen, Anton"]
[Black "Kocher, Robert"]
[Result "1-0"]
[WhiteElo "1418"]
[BlackElo "800"]
[PlyCount "33"]
[EventDate "2010.07.06"]
[EventType "tourn (corr)"]
[EventRounds "4"]
[EventCountry "GER"]
[SourceTitle "Corr 2015"]
[Source "ChessBase"]
[SourceDate "2015.07.17"]
[SourceVersion "1"]
[SourceVersionDate "2015.07.17"]
[SourceQuality "1"]

1. b4 e5 2. Bb2 Nc6 3. b5 Nd4 4. e3 Ne6 5. Bxe5 d5 6. Nf3 Bb4 7. c4 Ne7 8. Qb3 c5 9. bxc6 Nxc6 10. cxd5 Nc5 11. Qc4 Nxe5 12. Nxe5 Qa5 13. a3 Qa4 14. Qxb4 Qxb4 15. axb4 Ne4 16. Nc4 0-0 17. Nb6 1-0

[Event "OP-2010-0-01195"]
[Site "LSS email"]
[Date "2010.06.30"]
[Round "?"]
[White "Schellen, Anton"]
[Black "Hennink, Aldo"]
[Result "1-0"]
[WhiteElo "1418"]
[BlackElo "1635"]
[PlyCount "33"]
[EventDate "2010.06.25"]
[EventType "tourn (corr)"]
[EventRounds "4"]
[EventCountry "GER"]
[SourceTitle "Corr 2013"]
[Source "ChessBase"]
[SourceDate "2012.11.12"]
[SourceVersion "1"]
[SourceVersionDate "2012.11.12"]
[SourceQuality "1"]

1. b4 e5 2. Bb2 d6 3. c4 a5 4. b5 b6 5. Nf3 f5 6. Nc3 Nf6 7. g3 g6 8. Bg2 Bb7 9. 0-0 Bg7 10. Ng5 Bxg2 11. Kxg2 Qe7 12. d4 e4 13. c5 h6 14. cxd6 Qxd6 15. Nh3 0-0 16. Qb3+ Kh7 17. Ba3 1-0

[Event "LSS SF-2010-0-00059"]
[Site "LSS email"]
[Date "2010.06.09"]
[Round "?"]
[White "Checa, Nicholas de T"]
[Black "Schellen, Anton"]
[Result "0-1"]
[WhiteElo "1151"]
[BlackElo "1277"]
[PlyCount "54"]
[EventDate "2010.05.14"]
[EventType "tourn (corr)"]
[EventRounds "6"]
[EventCountry "GER"]
[SourceTitle "Telechess CBM 141"]
[Source "ChessBase"]
[SourceDate "2011.03.17"]
[SourceVersion "1"]
[SourceVersionDate "2011.03.17"]
[SourceQuality "1"]

1. e4 e6 2. Nf3 d5 3. e5 c5 4. b3 Nd7 5. Bb2 Qc7 6. Bd3 Ne7 7. 0-0 g6 8. Qe2 a6 9. c4 d4 10. Bc2 Bg7 11. Qe4 Nc6 12. Na3 Ndxe5 13. Nxe5 Bxe5 14. f4 f5 15. Qf3 Bd6 16. Rae1 Bd7 17. Qg3 0-0 18. Qh4 e5 19. fxe5 Nxe5 20. Nb1 Rae8 21. h3 Bc6 22. Na3 Nf7 23. Rxe8 Rxe8 24. Bxf5 Re2 25. Qg4 Bh2+ 26. Kh1 Bxg2+ 27. Qxg2 Rxg2 0-1

[Event "LSS SF-2010-0-00059"]
[Site "LSS email"]
[Date "2010.06.09"]
[Round "?"]
[White "Schellen, Anton"]
[Black "Stringa, Alejandro J"]
[Result "1-0"]
[WhiteElo "1418"]
[BlackElo "1088"]
[PlyCount "27"]
[EventDate "2010.05.14"]
[EventType "tourn (corr)"]
[EventRounds "6"]
[EventCountry "GER"]
[SourceTitle "Corr 2013"]
[Source "ChessBase"]
[SourceDate "2012.11.12"]
[SourceVersion "1"]
[SourceVersionDate "2012.11.12"]
[SourceQuality "1"]
[WhiteTeam "US of America"]
[BlackTeam "US of America"]
[WhiteTeamCountry "USA"]
[BlackTeamCountry "USA"]

1. b4 e5 2. Bb2 Bxb4 3. Bxe5 Nf6 4. Nc3 Nc6 5. Bxf6 Qxf6 6. Nd5 Qd6 7. Nxb4 Qxb4 8. e3 0-0 9. c3 Qa5 10. Qb1 d6 11. f4 Bf5 12. Qxb7 Qc5 13. Qb5 Qb6 14. Qxf5 1-0

[Event "LSS SF-2010-0-00059"]
[Site "LSS email"]
[Date "2010.06.08"]
[Round "?"]
[White "Schellen, Anton"]
[Black "Vontina, Maria"]
[Result "1-0"]
[WhiteElo "1418"]
[BlackElo "637"]
[PlyCount "61"]
[EventDate "2010.05.14"]
[EventType "tourn (corr)"]
[EventRounds "6"]
[EventCountry "GER"]
[SourceTitle "Telechess CBM 147"]
[Source "ChessBase"]
[SourceDate "2012.03.16"]
[SourceVersion "1"]
[SourceVersionDate "2012.03.16"]
[SourceQuality "1"]

1. b4 e6 2. Bb2 Nf6 3. a3 Be7 4. e3 0-0 5. Nf3 b6 6. c4 Bb7 7. Be2 d5 8. cxd5 Bxd5 9. Nc3 Bb7 10. 0-0 c5 11. bxc5 Bxc5 12. d4 Be7 13. Ne5 Nbd7 14. Bf3 Bxf3 15. Qxf3 Rc8 16. Nc6 Qe8 17. a4 Nb8 18. Nxe7+ Qxe7 19. Ba3 Qc7 20. Bxf8 Rxf8 21. Rfc1 Qd8 22. Qb7 Qd7 23. Qxd7 Nbxd7 24. a5 Rc8 25. Nb5 Rxc1+ 26. Rxc1 bxa5 27. Rc8+ Nf8 28. Ra8 g6 29. Nd6 Kg7 30. Rxa7 N8d7 31. e4 1-0

[Event "LSS OP-2009-0-00898"]
[Site "LSS email"]
[Date "2009.07.15"]
[Round "?"]
[White "Schellen, Anton"]
[Black "Siger, Imre Csaba"]
[Result "1-0"]
[WhiteElo "1418"]
[BlackElo "2034"]
[PlyCount "93"]
[EventDate "2009.07.08"]
[EventType "tourn (corr)"]
[EventRounds "4"]
[EventCountry "GER"]
[SourceTitle "Telechess CBM 147"]
[Source "ChessBase"]
[SourceDate "2012.03.16"]
[SourceVersion "1"]
[SourceVersionDate "2012.03.16"]
[SourceQuality "1"]

1. b4 c6 2. e3 d5 3. a3 a5 4. Bb2 axb4 5. axb4 Rxa1 6. Bxa1 Nd7 7. c4 Ngf6 8. cxd5 Nxd5 9. b5 f6 10. Nf3 e5 11. Be2 Qa5 12. Nc3 Bb4 13. 0-0 0-0 14. Ne4 Re8 15. Qb3 N7b6 16. bxc6 bxc6 17. Qc2 Qa4 18. Qb1 Ba6 19. Bxa6 Qxa6 20. Rc1 Nd7 21. d4 f5 22. Nc5 Nxc5 23. dxc5 e4 24. Qb2 Re7 25. Ne5 Ra7 26. h3 h6 27. Qc2 Ba5 28. Bd4 Bc7 29. Nc4 Qc8 30. Qb2 Qb8 31. Nb6 Kh7 32. Nxd5 Qxb2 33. Bxb2 cxd5 34. Rd1 Ra2 35. Bd4 Kg8 36. Rb1 Ra7 37. g4 f4 38. h4 g5 39. h5 Ra6 40. Rb7 Rc6 41. exf4 gxf4 42. Kg2 Kf8 43. Ra7 f3+ 44. Kh3 Ke8 45. g5 hxg5 46. Kg4 Bf4 47. Rb7 1-0

[Event "FICGS class D 000015 email"]
[Site "FICGS email"]
[Date "2006.10.23"]
[Round "1"]
[White "Schellen, Anton"]
[Black "Acre, John"]
[Result "1-0"]
[WhiteElo "1600"]
[BlackElo "1500"]
[PlyCount "51"]
[EventDate "2006.??.??"]
[EventType "tourn (corr)"]
[EventRounds "6"]
[SourceTitle "Corr 2022"]
[Source "ChessBase"]
[SourceDate "2021.10.24"]
[SourceVersion "1"]
[SourceVersionDate "2021.10.24"]
[SourceQuality "1"]

1. b4 Nf6 2. Bb2 e6 3. a3 d5 4. e3 c5 5. bxc5 Bxc5 6. Nf3 0-0 7. c4 Nc6 8. d4 Be7 9. cxd5 exd5 10. Bd3 Bg4 11. 0-0 Qd7 12. Nbd2 Bf5 13. Nb3 Rac8 14. Rc1 Bxd3 15. Qxd3 Rfd8 16. Nc5 Bxc5 17. Rxc5 Ne4 18. Rc2 f6 19. Nd2 Qe6 20. Nxe4 dxe4 21. Qe2 Ne7 22. Rfc1 a6 23. Rc7 b5 24. R7c5 Rxc5 25. Rxc5 Rc8 26. Qh5 1-0

[Event "FICGS class D 000013 email"]
[Site "FICGS email"]
[Date "2006.10.02"]
[Round "1"]
[White "Willoughby, Peter"]
[Black "Schellen, Anton"]
[Result "0-1"]
[WhiteElo "1596"]
[BlackElo "1600"]
[PlyCount "80"]
[EventDate "2006.??.??"]
[EventType "tourn (corr)"]
[EventRounds "6"]
[SourceTitle "Corr 2022"]
[Source "ChessBase"]
[SourceDate "2021.10.24"]
[SourceVersion "1"]
[SourceVersionDate "2021.10.24"]
[SourceQuality "1"]

1. e4 e5 2. Nf3 Nc6 3. Bb5 a6 4. Bxc6 dxc6 5. 0-0 f6 6. d4 Bg4 7. Be3 exd4 8. Qxd4 Bxf3 9. gxf3 Qxd4 10. Bxd4 Ne7 11. Nc3 0-0-0 12. Bc5 Rd2 13. Rac1 Ng6 14. Bxf8 Rxf8 15. b3 Rfd8 16. Nb1 R2d4 17. c3 Rd3 18. Kg2 Nh4+ 19. Kh1 Nxf3 20. c4 R8d4 21. Nc3 c5 22. Kg2 g6 23. Nd5 Nh4+ 24. Kh1 Rf3 25. Rc3 Rxf2 26. Rcc1 Rxa2 27. Nxf6 Rdd2 28. Ng4 h5 29. Ne3 Rxh2+ 30. Kg1 Rh3 31. Rc2 Rxc2 32. Nxc2 Rg3+ 33. Kh1 Rxb3 34. Rf4 Nf3 35. Rf8+ Kd7 36. Rg8 Ne5 37. Rg7+ Kd6 38. Rg8 Rb1+ 39. Kg2 Rb2 40. Rb8 Rxc2+ 0-1

[Event "FICGS class D 000012 email"]
[Site "FICGS email"]
[Date "2006.09.28"]
[Round "1"]
[White "Caburro, John"]
[Black "Schellen, Anton"]
[Result "0-1"]
[WhiteElo "1400"]
[BlackElo "1600"]
[PlyCount "30"]
[EventDate "2006.??.??"]
[EventType "tourn (corr)"]
[EventRounds "6"]
[SourceTitle "Corr 2022"]
[Source "ChessBase"]
[SourceDate "2021.10.24"]
[SourceVersion "1"]
[SourceVersionDate "2021.10.24"]
[SourceQuality "1"]

1. f4 d5 2. b3 Bg4 3. Bb2 e6 4. d3 Nc6 5. Nd2 Nh6 6. Ngf3 Nf5 7. e4 Ne3 8. Qc1 Nb4 9. Kf2 Nbxc2 10. h3 Bxf3 11. Nxf3 dxe4 12. dxe4 Qd6 13. Be5 Qc5 14. Bd4 Nxd4 15. Qxc5 Bxc5 0-1

[Event "FICGS class D 000012 email"]
[Site "FICGS email"]
[Date "2006.09.28"]
[Round "1"]
[White "Ruppert, Horst"]
[Black "Schellen, Anton"]
[Result "0-1"]
[WhiteElo "1500"]
[BlackElo "1600"]
[PlyCount "142"]
[EventDate "2006.??.??"]
[EventType "tourn (corr)"]
[EventRounds "6"]
[SourceTitle "Corr 2022"]
[Source "ChessBase"]
[SourceDate "2021.10.24"]
[SourceVersion "1"]
[SourceVersionDate "2021.10.24"]
[SourceQuality "1"]

1. d4 d5 2. c4 e6 3. Nc3 Nf6 4. cxd5 exd5 5. Bg5 c6 6. Qc2 h6 7. Bh4 Bd6 8. Bxf6 Qxf6 9. Nxd5 Qxd4 10. Rd1 Bb4+ 11. Nxb4 Qxb4+ 12. Rd2 Qa5 13. Qc3 Qxc3 14. bxc3 Nd7 15. Nf3 0-0 16. e3 Nc5 17. Nd4 Ne4 18. Rc2 c5 19. Nb5 Bf5 20. Na3 Nf6 21. Rb2 Ne4 22. Nb1 Nd6 23. f3 Be6 24. e4 Rfd8 25. a4 b6 26. Nd2 f6 27. Ba6 Rd7 28. Ke2 Rad8 29. a5 b5 30. Rc1 Rc7 31. Ke1 Rb8 32. Rcb1 Bd7 33. Rd1 Kf8 34. c4 b4 35. Nf1 Nf7 36. Ra2 Ne5 37. Ne3 Be8 38. Ke2 Re7 39. Nd5 Rd7 40. Bb5 Rd6 41. Bxe8 Kxe8 42. Rc1 Nc6 43. Kd3 Kf7 44. f4 f5 45. Re1 fxe4+ 46. Rxe4 Rd7 47. g4 b3 48. Rb2 Nxa5 49. Kc3 Re8 50. Rxe8 Kxe8 51. f5 Kf7 52. h4 Rd8 53. Re2 Rb8 54. Re7+ Kg8 55. Re2 b2 56. Rxb2 Rxb2 57. Kxb2 Nxc4+ 58. Kb3 Nd2+ 59. Ka4 Nf3 60. Ka5 Kf7 61. Ka6 Nxh4 62. Kxa7 Nxf5 63. Kb6 Ne7 64. Ne3 c4 65. Nxc4 Kg6 66. Kc5 Kg5 67. Kd6 Kxg4 68. Kxe7 Kf4 69. Kf7 g5 70. Kf6 h5 71. Ne3 h4 0-1

[Event "FICGS class C 000014 email"]
[Site "FICGS email"]
[Date "2006.09.23"]
[Round "1"]
[White "Plante, Marc Eric"]
[Black "Schellen, Anton"]
[Result "1/2-1/2"]
[WhiteElo "1782"]
[BlackElo "1600"]
[PlyCount "56"]
[EventDate "2006.??.??"]
[EventType "tourn (corr)"]
[EventRounds "4"]
[SourceTitle "Corr 2022"]
[Source "ChessBase"]
[SourceDate "2021.10.24"]
[SourceVersion "1"]
[SourceVersionDate "2021.10.24"]
[SourceQuality "1"]

1. e4 e5 2. Nf3 Nc6 3. Bb5 a6 4. Ba4 Nf6 5. 0-0 Be7 6. Re1 d6 7. Bxc6+ bxc6 8. d4 exd4 9. Nxd4 Bd7 10. Nc3 0-0 11. Qf3 Re8 12. e5 dxe5 13. Nxc6 Bxc6 14. Qxc6 Qd7 15. Qxd7 Nxd7 16. Nd5 Bd6 17. Bd2 Nb6 18. Ne3 f6 19. b3 a5 20. Rad1 Bc5 21. a4 Kf7 22. Kf1 c6 23. Nf5 Red8 24. g4 Nd5 25. Ke2 Nf4+ 26. Kf1 Nd5 27. Ke2 Nf4+ 28. Kf1 Nd5 1/2-1/2

[Event "FICGS class C 000014 email"]
[Site "FICGS email"]
[Date "2006.09.23"]
[Round "1"]
[White "Schellen, Anton"]
[Black "Haluschka, Rainer"]
[Result "1-0"]
[WhiteElo "1600"]
[BlackElo "1808"]
[PlyCount "105"]
[EventDate "2006.??.??"]
[EventType "tourn (corr)"]
[EventRounds "4"]
[SourceTitle "Corr 2022"]
[Source "ChessBase"]
[SourceDate "2021.10.24"]
[SourceVersion "1"]
[SourceVersionDate "2021.10.24"]
[SourceQuality "1"]

1. d4 Nf6 2. Bf4 g6 3. Nf3 Bg7 4. e3 d6 5. Nc3 Nh5 6. Bg5 h6 7. Bh4 Be6 8. Nd2 Nc6 9. Be2 Bf6 10. Bxf6 Nxf6 11. 0-0 d5 12. Na4 0-0 13. c4 dxc4 14. Nc5 Qc8 15. Rc1 Rd8 16. Nxe6 Qxe6 17. Nxc4 Nd5 18. Bf3 Rab8 19. Nd2 Qd6 20. Nc4 Qe6 21. Qb3 Kg7 22. Rfd1 f5 23. Nd2 Qd6 24. a3 e6 25. Qc2 Kh8 26. b4 a6 27. Nc4 Qf8 28. Nb2 g5 29. Nd3 Qf7 30. Nc5 Rd6 31. Re1 g4 32. Be2 h5 33. Qb2 Qf6 34. b5 axb5 35. Bxb5 Rdd8 36. Rb1 e5 37. Bxc6 bxc6 38. Qxb8 Rxb8 39. Rxb8+ Kh7 40. Nd7 Qd6 41. Nxe5 Qxa3 42. g3 Qa5 43. Rf1 c5 44. Rf8 Nc3 45. Rxf5 Ne2+ 46. Kg2 cxd4 47. h4 gxh3+ 48. Kxh3 Kg7 49. Rg5+ Kf6 50. Rxh5 Qc3 51. Rd1 Kg7 52. Kg4 Qc2 53. Rdh1 1-0

[Event "FICGS class E 000014 email"]
[Site "FICGS email"]
[Date "2006.09.23"]
[Round "1"]
[White "Schellen, Anton"]
[Black "Hess, Volker"]
[Result "1-0"]
[WhiteElo "1600"]
[BlackElo "1200"]
[PlyCount "53"]
[EventDate "2006.??.??"]
[EventType "tourn (corr)"]
[EventRounds "5"]
[SourceTitle "Corr 2022"]
[Source "ChessBase"]
[SourceDate "2021.10.24"]
[SourceVersion "1"]
[SourceVersionDate "2021.10.24"]
[SourceQuality "1"]

1. b4 e5 2. Bb2 Bxb4 3. Bxe5 Nf6 4. e3 Nc6 5. Bb2 0-0 6. Nf3 d6 7. Be2 d5 8. 0-0 Bg4 9. d3 Be7 10. Nbd2 Re8 11. c4 dxc4 12. Nxc4 Bxf3 13. Bxf3 Qd7 14. Rb1 Rad8 15. Bxf6 Bxf6 16. Rxb7 Qxd3 17. Qxd3 Rxd3 18. Bxc6 Red8 19. e4 Rd1 20. Rxc7 Rxf1+ 21. Kxf1 g6 22. Bd5 Bc3 23. Rxa7 Rb8 24. Rxf7 Rb1+ 25. Ke2 Re1+ 26. Kd3 Ba1 27. Kd2 1-0

[Event "FICGS class E 000014 email"]
[Site "FICGS email"]
[Date "2006.09.23"]
[Round "1"]
[White "Secondi, Alberto"]
[Black "Schellen, Anton"]
[Result "0-1"]
[WhiteElo "1498"]
[BlackElo "1600"]
[PlyCount "62"]
[EventDate "2006.??.??"]
[EventType "tourn (corr)"]
[EventRounds "5"]
[SourceTitle "Corr 2022"]
[Source "ChessBase"]
[SourceDate "2021.10.24"]
[SourceVersion "1"]
[SourceVersionDate "2021.10.24"]
[SourceQuality "1"]

1. d4 d5 2. Nc3 Bf5 3. Nf3 c6 4. Bf4 e6 5. e3 Bd6 6. Bxd6 Qxd6 7. Bd3 Bxd3 8. Qxd3 Nf6 9. 0-0 0-0 10. a3 Nbd7 11. b4 a5 12. Rfb1 b6 13. b5 c5 14. e4 cxd4 15. Qxd4 e5 16. Qd3 Nc5 17. Qe2 d4 18. Nd1 Nfxe4 19. Nd2 Nxd2 20. Qxd2 Rac8 21. c3 Ne4 22. Qd3 Nxc3 23. Rc1 e4 24. Qd2 Nxd1 25. Rxd1 d3 26. Ra2 Rc5 27. a4 Qd4 28. Qe3 Qxe3 29. fxe3 Rfc8 30. Rdd2 Rc2 31. Kf2 Rxa2 0-1

[Event "FICGS class E 000010 email"]
[Site "FICGS email"]
[Date "2006.08.19"]
[Round "1"]
[White "Schellen, Anton"]
[Black "Melquiades, Jay"]
[Result "1-0"]
[WhiteElo "1400"]
[BlackElo "1200"]
[PlyCount "37"]
[EventDate "2006.??.??"]
[EventType "tourn (corr)"]
[EventRounds "5"]
[SourceTitle "Corr 2022"]
[Source "ChessBase"]
[SourceDate "2021.10.24"]
[SourceVersion "1"]
[SourceVersionDate "2021.10.24"]
[SourceQuality "1"]

1. b4 e5 2. Bb2 d6 3. e3 a6 4. Nf3 Nc6 5. a3 f5 6. Bc4 Nf6 7. Bb3 d5 8. Nxe5 Nxe5 9. Bxe5 Qe7 10. d4 Be6 11. Nc3 0-0-0 12. 0-0 Ne4 13. Qd3 b5 14. f3 Ng5 15. a4 Qxb4 16. axb5 Bd6 17. Ra4 Qxa4 18. Bxa4 Bxe5 19. bxa6 1-0

[Event "FICGS class F 000008 email"]
[Site "FICGS email"]
[Date "2006.08.18"]
[Round "1"]
[White "Schellen, Anton"]
[Black "Melquiades, Jay"]
[Result "1-0"]
[WhiteElo "1400"]
[BlackElo "1200"]
[PlyCount "37"]
[EventDate "2006.??.??"]
[EventType "tourn (corr)"]
[EventRounds "5"]
[SourceTitle "Corr 2022"]
[Source "ChessBase"]
[SourceDate "2021.10.24"]
[SourceVersion "1"]
[SourceVersionDate "2021.10.24"]
[SourceQuality "1"]

1. b4 e5 2. Bb2 d6 3. e3 a6 4. a3 Nf6 5. Nf3 Nbd7 6. Be2 Ng4 7. d4 Ndf6 8. h3 Nxf2 9. Kxf2 Ne4+ 10. Kg1 h5 11. dxe5 g5 12. exd6 Bxd6 13. Qd4 Rg8 14. Qxe4+ Be6 15. Nc3 a5 16. Nd4 axb4 17. Nxe6 fxe6 18. Qxe6+ Kf8 19. Nd5 1-0

[Event "FICGS class D 000008 email"]
[Site "FICGS email"]
[Date "2006.08.13"]
[Round "1"]
[White "Schellen, Anton"]
[Black "Cameron, Gerald"]
[Result "1-0"]
[WhiteElo "1400"]
[BlackElo "1500"]
[PlyCount "43"]
[EventDate "2006.??.??"]
[EventType "tourn (corr)"]
[EventRounds "6"]
[SourceTitle "Corr 2022"]
[Source "ChessBase"]
[SourceDate "2021.10.24"]
[SourceVersion "1"]
[SourceVersionDate "2021.10.24"]
[SourceQuality "1"]

1. b4 e5 2. Bb2 f6 3. a3 d5 4. e3 Be6 5. Nf3 Bd6 6. c4 dxc4 7. Qc2 b5 8. d3 Bf5 9. e4 cxd3 10. Bxd3 Bd7 11. a4 c6 12. axb5 cxb5 13. Nc3 Ne7 14. 0-0 0-0 15. Nxb5 Bxb4 16. Qc4+ Kh8 17. Qxb4 Nbc6 18. Qc5 a6 19. Nd6 Be6 20. Bxa6 Rb8 21. Bc3 Bg4 22. Bc4 1-0